<?xml version="1.0" encoding="UTF-8"?>
<record
    xmlns:xsi="http://www.w3.org/2001/XMLSchema-instance"
    xsi:schemaLocation="http://www.loc.gov/MARC21/slim http://www.loc.gov/standards/marcxml/schema/MARC21slim.xsd"
    xmlns="http://www.loc.gov/MARC21/slim">

  <leader>01281nam2a2200253   4500</leader>
  <controlfield tag="001">RU\NLR\BIBL_A\010913821</controlfield>
  <controlfield tag="005">20250624201055.0</controlfield>
  <datafield tag="010" ind1=" " ind2=" ">
    <subfield code="a">978-5-4331-0071-8</subfield>
    <subfield code="9">500</subfield>
  </datafield>
  <datafield tag="021" ind1=" " ind2=" ">
    <subfield code="a">RU</subfield>
    <subfield code="b">2015-86560</subfield>
    <subfield code="9">5303</subfield>
  </datafield>
  <datafield tag="035" ind1=" " ind2=" ">
    <subfield code="a">(NLR Aleph) 010913821</subfield>
  </datafield>
  <datafield tag="090" ind1=" " ind2=" ">
    <subfield code="a">10644256</subfield>
    <subfield code="c">10644256</subfield>
  </datafield>
  <datafield tag="100" ind1=" " ind2=" ">
    <subfield code="a">20151130d2015    |||y0rusy50      ca</subfield>
  </datafield>
  <datafield tag="101" ind1="0" ind2=" ">
    <subfield code="a">rus</subfield>
  </datafield>
  <datafield tag="102" ind1=" " ind2=" ">
    <subfield code="a">RU</subfield>
  </datafield>
  <datafield tag="105" ind1=" " ind2=" ">
    <subfield code="a">ac  z   000zy</subfield>
  </datafield>
  <datafield tag="200" ind1="0" ind2=" ">
    <subfield code="a">&#x427;. 3</subfield>
  </datafield>
  <datafield tag="210" ind1=" " ind2=" ">
    <subfield code="d">2015</subfield>
    <subfield code="a">&#x411;. &#x43C;.</subfield>
  </datafield>
  <datafield tag="215" ind1=" " ind2=" ">
    <subfield code="a">217 &#x441;.</subfield>
    <subfield code="c">&#x438;&#x43B;., &#x43F;&#x43E;&#x440;&#x442;&#x440;.</subfield>
  </datafield>
  <datafield tag="320" ind1=" " ind2=" ">
    <subfield code="a">&#x411;&#x438;&#x431;&#x43B;&#x438;&#x43E;&#x433;&#x440;.: &#x441;. 201-205 (96 &#x43D;&#x430;&#x437;&#x432;.)</subfield>
  </datafield>
  <datafield tag="461" ind1=" " ind2="0">
    <subfield code="1">001RU\NLR\BIBL_A\010779006</subfield>
    <subfield code="1">2001#$a&#x41F;&#x43E;&#x43B;&#x435;&#x437;&#x43D;&#x44B;&#x439; &#x43E;&#x43F;&#x44B;&#x442; "&#x430;&#x444;&#x433;&#x430;&#x43D;&#x446;&#x435;&#x432;"$e&#x432;&#x43E;&#x435;&#x43D;&#x43D;&#x43E;-&#x438;&#x441;&#x442;&#x43E;&#x440;&#x438;&#x447;&#x435;&#x441;&#x43A;&#x438;&#x439; &#x441;&#x431;&#x43E;&#x440;&#x43D;&#x438;&#x43A;$e&#x432; 3 &#x447;.$f&#x420;&#x44F;&#x437;. &#x432;&#x44B;&#x441;&#x448;. &#x432;&#x43E;&#x437;&#x434;&#x443;&#x448;.-&#x434;&#x435;&#x441;&#x430;&#x43D;&#x442;. &#x43A;&#x43E;&#x43C;&#x430;&#x43D;&#x434;. &#x443;&#x447;&#x438;&#x43B;&#x438;&#x449;&#x435; &#x438;&#x43C;. &#x433;&#x435;&#x43D;. &#x430;&#x440;&#x43C;&#x438;&#x438; &#x412;. &#x424;. &#x41C;&#x430;&#x440;&#x433;&#x435;&#x43B;&#x43E;&#x432;&#x430;$g&#x430;&#x432;&#x442;.-&#x441;&#x43E;&#x441;&#x442;.: &#x412;. &#x418;. &#x428;&#x430;&#x439;&#x43A;&#x438;&#x43D;$v&#x427;. 3</subfield>
    <subfield code="9">10057258</subfield>
    <subfield code="c">&#x420;&#x44F;&#x437;&#x430;&#x43D;&#x44C;</subfield>
    <subfield code="d">2014</subfield>
    <subfield code="f">&#x420;&#x44F;&#x437;. &#x432;&#x44B;&#x441;&#x448;. &#x432;&#x43E;&#x437;&#x434;&#x443;&#x448;.-&#x434;&#x435;&#x441;&#x430;&#x43D;&#x442;. &#x43A;&#x43E;&#x43C;&#x430;&#x43D;&#x434;. &#x443;&#x447;&#x438;&#x43B;&#x438;&#x449;&#x435; &#x438;&#x43C;. &#x433;&#x435;&#x43D;. &#x430;&#x440;&#x43C;&#x438;&#x438; &#x412;. &#x424;. &#x41C;&#x430;&#x440;&#x433;&#x435;&#x43B;&#x43E;&#x432;&#x430;</subfield>
    <subfield code="n">&#x420;&#x412;&#x412;&#x414;&#x41A;&#x423;</subfield>
    <subfield code="o">&#x432;&#x43E;&#x435;&#x43D;&#x43D;&#x43E;-&#x438;&#x441;&#x442;&#x43E;&#x440;&#x438;&#x447;&#x435;&#x441;&#x43A;&#x438;&#x439; &#x441;&#x431;&#x43E;&#x440;&#x43D;&#x438;&#x43A; : &#x432; 3 &#x447;.</subfield>
    <subfield code="t">&#x41F;&#x43E;&#x43B;&#x435;&#x437;&#x43D;&#x44B;&#x439; &#x43E;&#x43F;&#x44B;&#x442; "&#x430;&#x444;&#x433;&#x430;&#x43D;&#x446;&#x435;&#x432;"</subfield>
    <subfield code="v">&#x427;. 3</subfield>
  </datafield>
  <datafield tag="942" ind1=" " ind2=" ">
    <subfield code="c">BOOK</subfield>
  </datafield>
  <datafield tag="980" ind1=" " ind2=" ">
    <subfield code="a">NB</subfield>
  </datafield>
  <datafield tag="995" ind1=" " ind2=" ">
    <subfield code="5">2015-11-30</subfield>
    <subfield code="a">ad</subfield>
    <subfield code="b">NLR01</subfield>
    <subfield code="c">NLR01</subfield>
    <subfield code="e">RF8</subfield>
    <subfield code="f">1-1211187</subfield>
    <subfield code="k">2014-3/35546</subfield>
    <subfield code="o">0</subfield>
    <subfield code="r">BOOK</subfield>
    <subfield code="s">2014335546_</subfield>
  </datafield>
</record>
